Meiji Kirisuto kyōkai keisei no shakaishi /

Saved in:
Bibliographic Details
Main Author: Morioka, Kiyomi, 1923-
Format: Book
Language:Japanese
Published: Tōkyō : Tōkyō Daigaku Shuppankai, 2005.
Edition:Shohan.
Subjects:
Tags: Add Tag
No Tags, Be the first to tag this record!
LEADER 01227nam a22003614a 4500
001 009727155-1
005 20060124135809.0
008 051115s2005 ja b 001 0 jpn
010 |a  2005442454 
020 |a 4130104071 
035 0 |a ocm61181200 
040 |a DLC-R  |c DLC  |d LWU  |d CUY  |d HMY 
042 |a pcc 
043 |a a-ja--- 
050 0 0 |a BR1307  |b .M648 2005 
084 |a 192.1  |2 njb 
100 1 |6 880-01  |a Morioka, Kiyomi,  |d 1923- 
245 1 0 |6 880-02  |a Meiji Kirisuto kyōkai keisei no shakaishi /  |c Morioka Kiyomi cho. 
250 |6 880-03  |a Shohan. 
260 |6 880-04  |a Tōkyō :  |b Tōkyō Daigaku Shuppankai,  |c 2005. 
300 |a xii, 453, xxvii p. ;  |c 22 cm. 
504 |a Includes bibliographical references (p. x-xxvii (3rd group)) and indexes. 
546 |a In Japanese. 
651 0 |a Japan  |x Church history  |y 1868-1945. 
653 |6 880-05  |a Kirisutokyō  |a Nihon  |a Rekishi. 
880 1 |6 100-01  |a 森岡清美,  |d 1923- 
880 1 0 |6 245-02  |a 明治キリスト教会形成の社会史 /  |c 森岡清美著. 
880 |6 250-03  |a 初版. 
880 |6 260-04  |a 東京 :  |b 東京大学出版会,  |c 2005. 
880 |6 653-05  |a キリスト敎  |a 日本  |a 歴史. 
988 |a 20050802 
049 |a HMYJ  |o d 
906 |0 OCLC